000 00468cam a22001337a 4500
008 180718b1972 xxu||||| |||| 00| 0 eng d
082 _aTox54 N163
100 _aNaqvi, Hameeda Khatoon
245 _aUrbanisation and Urban centres under the graet mughals 1556- 1707
_cby Hameeda Khatoon Naqvi
260 _aSimla
_bIndian Institute of advanced study
_c1972
300 _a210p
650 _aCities and towns --Growth --History.
650 _aUrbanization --India --History
999 _c410344
_d410344